000 00504nam a2200205Ia 4500
003 OSt
005 20251204143759.0
008 250729s2004 xx 000 0 und d
020 _a978-8171418237
040 _cAL
041 _aeng
082 _a001.51 KUMM
100 _aKumar R Moturi
_9225629
245 _aMethods of teaching computer science
260 _aNew Delhi
_c2004
300 _a383p
650 _aComputer Education
_9225630
700 _aRao Digumurhi
_9225631
942 _2ddc
_cBED
999 _c237012
_d237012